Aspekty medzinárodných platieb v globálnom konkurenčnom prostredí

Teoretické východiská medzinárodných platobných vzťahov. Vývoj vo svetovom ekonomickom prostredí. Postuláty teórie konkurencieschopnosti. Genéza medzinárodných obchodných a platobných vzťahov SR. Vývoj medzinárodných platieb v roku 2002.

Gespeichert in:
Bibliographische Detailangaben
1. Verfasser: Vokorokosová, Renáta, 1967-
Format: Buchkapitel
Sprache:Slowakisch
Schlagworte:
Tags: Tag hinzufügen
Keine Tags, Fügen Sie das erste Tag hinzu!

MARC

LEADER 00000naa$a2200000$$$4500
001 0013829
005 20220628133749.4
041 0 |a slo 
044 |a SK 
245 1 0 |a Aspekty medzinárodných platieb v globálnom konkurenčnom prostredí  |c Renáta Vokorokosová 
520 |a Teoretické východiská medzinárodných platobných vzťahov. Vývoj vo svetovom ekonomickom prostredí. Postuláty teórie konkurencieschopnosti. Genéza medzinárodných obchodných a platobných vzťahov SR. Vývoj medzinárodných platieb v roku 2002. 
610 2 0 |a styk platobný 
610 2 0 |a konkurencia 
610 2 0 |a vzťahy tovarovo-peňažné 
610 2 0 |a teórie ekonomické 
610 2 0 |a pojmy 
610 2 0 |a vzťahy obchodné 
610 2 0 |a výhody konkurenčné 
610 2 0 |a vývoz 
610 2 0 |a Slovensko 
610 2 0 |a bilancia platobná 
100 1 |a Vokorokosová, Renáta, 1967-